| 000 | 00532nam a2200169 i 4500 | ||
|---|---|---|---|
| 001 | 20894 | ||
| 003 | ES-MaACL | ||
| 005 | 20230906152401.0 | ||
| 007 | t| | ||
| 008 | 021119s1914 sp m |||| | spa d | ||
| 080 | _a821.134.2-21"19" | ||
| 100 | 1 |
_aAlarcón, Mariano. _919132 |
|
| 245 | 1 | 0 |
_aPalabras de loco _b: tragedia moderna en tres actos y en prosa / _cMariano Alarcón. |
| 260 |
_aMadrid : _bBiblioteca Hispania, _c1914 ( _fImp. Blass y Cia.) |
||
| 300 |
_a167 p., [5] p. de partituras ; _c19 cm. |
||
| 852 |
_aES-MaACL _jF-5315 |
||
| 999 |
_c20894 _d20894 |
||